000
00341nam a2200145Ia 4500
003
OSt
005
20240311161509.0
008
170523s9999 xx 000 0 und d
020
_a
978-9332560086
040
_c
iimtu meerut
100
_a
SUNDRAM- BLACK
245
4
_a
THE INTERNATIONAL BUSINESS ENVIRONMENT
260
_b
PHI
942
_2
ddc
_c
02
999
_c
1436
_d
1436